[Event "TUR Cup"]
[Site "Denizli"]
[Date "2023.07.19"]
[Round "5"]
[White "Yildiz, Kerem Barkin"]
[Black "Ay, Serdar"]
[Result "1-0"]
[WhiteElo "1323"]
[BlackElo "1768"]
[PlyCount "51"]
[EventDate "2023.07.16"]
[EventType "team-tourn"]
[EventRounds "9"]
[EventCountry "TUR"]
[SourceTitle "CBM 215 Extra"]
[Source "ChessBase"]
[SourceDate "2023.09.30"]
[SourceVersion "1"]
[SourceVersionDate "2023.09.30"]
[SourceQuality "1"]

1. d4 d5 2. c4 c6 3. cxd5 cxd5 4. Nc3 Nf6 5. Nf3 Nc6 6. e3 a6 7. h3 e6 8. Bd3 Bd6 9. 0-0 0-0 10. b3 Qe7 11. Bb2 Bd7 12. Qe2 b5 13. Rac1 Rfc8 14. Rfe1 Ba3 15. Bxa3 Qxa3 16. e4 dxe4 17. Nxe4 Nxe4 18. Qxe4 g6 19. Qh4 Kg7 20. d5 exd5 21. Ng5 Rh8 22. Rxc6 Bxc6 23. Qd4+ f6 24. Re6 Qc1+ 25. Kh2 Qxg5 26. f4 1-0

[Event "TUR Cup"]
[Site "Antalya"]
[Date "2017.02.04"]
[Round "11"]
[White "Ay, Serdar"]
[Black "Cakiroglu, Metin"]
[Result "0-1"]
[WhiteElo "1725"]
[BlackElo "1873"]
[PlyCount "106"]
[EventDate "2017.01.28"]
[EventType "swiss"]
[EventRounds "11"]
[EventCountry "TUR"]
[SourceTitle "EXT 2018"]
[Source "ChessBase"]
[SourceDate "2017.10.13"]
[SourceVersion "1"]
[SourceVersionDate "2017.10.13"]
[SourceQuality "1"]

1. e4 Nf6 2. e5 Nd5 3. c4 Nb6 4. c5 Nd5 5. Nc3 Nxc3 6. bxc3 e6 7. d4 b6 8. cxb6 axb6 9. f4 Bb7 10. Nf3 Be7 11. Bd3 Bh4+ 12. g3 Be7 13. 0-0 c5 14. Be3 Qc7 15. Qd2 g6 16. Rab1 c4 17. Be2 Qc6 18. Qb2 Ra6 19. Rfd1 Ba3 20. Qd2 Ra5 21. Kg2 Na6 22. Kh3 h5 23. Rg1 Be7 24. Qc2 Nc7 25. Nd2 g5 26. fxg5 Nd5 27. Bf4 Ra3 28. Bf3 h4 29. Ne4 hxg3+ 30. Kxg3 Kd8 31. Bd2 f5 32. gxf6 Bxf6 33. Nxf6 Rh3+ 34. Kxh3 Nf4+ 35. Kh4 Qxf3 36. Bxf4 Rxc3 37. Rg8+ Kc7 38. Qd2 Qh3+ 39. Kg5 Qf5+ 40. Kh6 Rh3+ 41. Kg7 Qxb1 42. Ne8+ Kb8 43. Nd6+ Ka7 44. Rh8 c3 45. Qc1 Qxc1 46. Bxc1 Rd3 47. Nb5+ Ka6 48. Nc7+ Ka5 49. Rf8 Rd1 50. Bg5 c2 51. h4 Rg1 52. Rf2 c1Q 53. Kf7 Qxc7 0-1

[Event "TUR Cup"]
[Site "Antalya"]
[Date "2017.02.03"]
[Round "10"]
[White "Sahin, Doga Boran"]
[Black "Ay, Serdar"]
[Result "1-0"]
[WhiteElo "2104"]
[BlackElo "1725"]
[PlyCount "69"]
[EventDate "2017.01.28"]
[EventType "swiss"]
[EventRounds "11"]
[EventCountry "TUR"]
[SourceTitle "CBM 176 Extra"]
[Source "ChessBase"]
[SourceDate "2017.03.02"]
[SourceVersion "1"]
[SourceVersionDate "2017.03.02"]
[SourceQuality "1"]

1. e4 c5 2. Nf3 d6 3. d4 cxd4 4. Nxd4 Nf6 5. Nc3 a6 6. g3 e5 7. Nde2 Be6 8. Bg2 Nbd7 9. a4 h6 10. h3 Nb6 11. Nd5 Bxd5 12. exd5 g6 13. a5 Nc4 14. c3 Bg7 15. Qa4+ b5 16. axb6+ Ke7 17. Qxc4 Qxb6 18. 0-0 Rhc8 19. Qa4 Nd7 20. b4 Rc4 21. Be3 Qb7 22. Qa2 Qb5 23. Qa5 Qb7 24. b5 Nc5 25. Rfb1 Rb8 26. Bxc5 Rxc5 27. Qxa6 Rxb5 28. Rxb5 Qxb5 29. Qc6 Qxc6 30. dxc6 Ke6 31. c4 e4 32. Nf4+ Kf5 33. Ra5+ Be5 34. c7 Rc8 35. Nd5 1-0

[Event "TUR Cup"]
[Site "Antalya"]
[Date "2017.01.30"]
[Round "4"]
[White "Ay, Serdar"]
[Black "Samani, Yamac"]
[Result "0-1"]
[WhiteElo "1725"]
[BlackElo "2303"]
[PlyCount "72"]
[EventDate "2017.01.28"]
[EventType "swiss"]
[EventRounds "11"]
[EventCountry "TUR"]
[SourceTitle "CBM 176 Extra"]
[Source "ChessBase"]
[SourceDate "2017.03.02"]
[SourceVersion "1"]
[SourceVersionDate "2017.03.02"]
[SourceQuality "1"]

1. Nf3 Nf6 2. b3 g6 3. Bb2 Bg7 4. c4 0-0 5. Nc3 c5 6. g3 Nc6 7. Bg2 d6 8. 0-0 Bd7 9. Re1 a6 10. d4 cxd4 11. Nxd4 Rc8 12. Nc2 Qa5 13. Nd5 Nxd5 14. Bxg7 Nc3 15. Qd2 Kxg7 16. b4 Qe5 17. f4 Qf6 18. a4 Nd8 19. c5 Nxa4 20. c6 Bxc6 21. Bxc6 Rxc6 22. Rxa4 Qb2 23. Qd4+ Qxd4+ 24. Nxd4 Rc4 25. e3 Nc6 26. Nxc6 Rxc6 27. Kf2 Rc2+ 28. Kf3 Rfc8 29. h3 R8c4 30. Rb1 Rh2 31. Kg4 h6 32. h4 Rcc2 33. Rf1 f5+ 34. Kf3 e5 35. fxe5 dxe5 36. Ra3 e4+ 0-1

[Event "TUR Cup"]
[Site "Antalya"]
[Date "2017.01.28"]
[Round "1"]
[White "Dogan, Ali Ekber"]
[Black "Ay, Serdar"]
[Result "0-1"]
[WhiteElo "2176"]
[BlackElo "1725"]
[PlyCount "112"]
[EventDate "2017.01.28"]
[EventType "swiss"]
[EventRounds "11"]
[EventCountry "TUR"]
[SourceTitle "CBM 176 Extra"]
[Source "ChessBase"]
[SourceDate "2017.03.02"]
[SourceVersion "1"]
[SourceVersionDate "2017.03.02"]
[SourceQuality "1"]

1. d4 d5 2. c4 c6 3. Nf3 Nf6 4. e3 Bf5 5. Qb3 Qc8 6. Nc3 e6 7. Bd2 Nbd7 8. Rc1 Be7 9. Nh4 Bg6 10. Nxg6 hxg6 11. Be2 Qb8 12. f4 g5 13. g3 gxf4 14. exf4 a6 15. Be3 b5 16. cxd5 cxd5 17. 0-0 b4 18. Na4 Ne4 19. Rc6 a5 20. Rfc1 Bd6 21. Qd3 g5 22. Qb5 Ke7 23. Nb6 gxf4 24. Nxd7 Qxb5 25. Bxb5 fxe3 26. Nb6 Rag8 27. Nc8+ Kf6 28. Nxd6 Nxg3 29. Re1 Ne2+ 30. Kh1 Nxd4 31. Rf1+ Kg6 32. Bd3+ f5 33. Rc7 Kf6 34. Rcc1 Rh4 35. Rc8 Rxc8 36. Nxc8 f4 37. Nd6 f3 38. Nb5 e2 39. Bxe2 Nxe2 40. Rxf3+ Rf4 41. Re3 Nd4 42. Nxd4 Rxd4 43. Re2 Rf4 44. Kg2 e5 45. b3 d4 46. Kg3 Kf5 47. h4 d3 48. Re1 e4 49. h5 Rf3+ 50. Kg2 Kf4 51. Rh1 Rg3+ 52. Kf1 e3 53. h6 e2+ 54. Kf2 Rf3+ 55. Kg2 d2 56. h7 e1Q 0-1